000 01111nam0a22002651 4500
001 rc\2341069
005 20110829151009.9
035 _a(NLR Aleph) 006474853
090 _a5972967
_c5972967
100 _a20110829d1977 |||y0rusy50 ca
101 0 _arus
102 _aRU
105 _ay z |||||
200 1 _aЭлектроизоляционные материалы и системы изоляции двигателей и генераторов высокого напряжения
_fС.Г. Трубачев, к. т. н.
_gМеждунар. специализир. выставка "Электро-77". Москва, 9-23 июня. Науч.-техн. докл.
210 _a[Москва]
_cБ. и.
_d1977
215 _a20 с.
_cграф.
_d22
309 _aБез тит. л. и обл.
320 _aБиблиогр.: с. 13
700 1 _aТрубачев
_bС. Г.
712 0 2 _a"Электро-77", междунар. выставка
_f1977
_eМосква
_3RU\NLR\AUTH\8810166026
801 0 _aRU
_bNLR
_gpsbo
801 1 _aRU
_bELAR
_2rusmarc
852 _aNLR
_j77-6/6411
942 _cBOOK
980 _aNB